logo

Bir Sreshtho Munshi Abdur Rouf Library
Jhenaidah Cadet College

বাউল ও সুফি সাহিত্য / (Record no. 287)

MARC details
000 -LEADER
fixed length control field 00684nam a2200229 a 4500
001 - CONTROL NUMBER
JCCL Control Number 287
003 - CONTROL NUMBER IDENTIFIER
JCCL marc code BD-JhCC
005 - DATE AND TIME OF LATEST TRANSACTION
control field 20171003170245.0
008 - FIXED-LENGTH DATA ELEMENTS--GENERAL INFORMATION
fixed length control field 171003s2010 bg ||||| |||| 00| 0 ben d
020 ## - INTERNATIONAL STANDARD BOOK NUMBER
International Standard Book Number 9847011601250
035 ## - SYSTEM CONTROL NUMBER
system control number (BD-JhCC) 287
040 ## - CATALOGING SOURCE
Original cataloging agency BD-JhCC
Modifying agency BD-JhCC
041 ## - LANGUAGE CODE
Language code of Book ben
082 ## - DEWEY DECIMAL CLASSIFICATION NUMBER
DDC Edition number 22
Classification number 891.444
Author mark and Year SHA 2010
100 ## - MAIN ENTRY--PERSONAL NAME
Personal name শরীফ, ড. আহমেদ
245 ## - TITLE STATEMENT
Title বাউল ও সুফি সাহিত্য /
Statement of responsibility, etc ড. আহমেদ শরীফ
260 ## - PUBLICATION, DISTRIBUTION, ETC. (IMPRINT)
Place of publication, distribution, etc ঢাকা :
Name of publisher, distributor, etc অণ্বেষা প্রকাশনী,
Date of publication, distribution, etc 2010
300 ## - PHYSICAL DESCRIPTION
Pagination 157 p. :
Dimensions 21 cm.
650 ## - SUBJECT ADDED ENTRY--TOPICAL TERM
Topical term or geographic name as entry element Bauls
Geographic subdivision India-West bengal
942 ## - ADDED ENTRY ELEMENTS (KOHA)
Source of classification or shelving scheme Dewey Decimal Classification
Koha item type Books
Holdings
Source of classification or shelving scheme Damaged status Not for loan Home library Current library Shelving location Date of accession Source of acquisition Cost, normal purchase price Total Checkouts Full call number Barcode Date last seen Date checked out Copy number Koha item type
Dewey Decimal Classification     JCC Rouf Library JCC Rouf Library General Stacks 10/03/2017 আবু দাউদ খান ২৫ ইনটেক 200.00 1 891.444 SHA 2010 1486 04/08/2025 01/20/2025 C-1 Books

JCC Library | Contacts | JCC Home

Last Update on 23 September 2017
Copyright @ 2017-2020 JCC Rouf Library
Rouf Library, Jhenidah Cadet College (JCC), Bangladesh